(Khmer) Jesus is alive / (Record no. 49873)
| 000 -LEADER | |
|---|---|
| fixed length control field | 00282nam a2200109 4500 |
| 020 ## - INTERNATIONAL STANDARD BOOK NUMBER | |
| International Standard Book Number | 9789623271745 |
| 245 ## - TITLE STATEMENT | |
| Title | (Khmer) Jesus is alive / |
| 260 ## - PUBLICATION, DISTRIBUTION, ETC. (IMPRINT) | |
| Place of publication, distribution, etc | Cambodia: |
| Name of publisher, distributor, etc | The Bible Society; |
| Date of publication, distribution, etc | 2005. |
| 300 ## - PHYSICAL DESCRIPTION | |
| Extent | unpaged. |
| Other physical details | col. ill. |
| 490 ## - SERIES STATEMENT | |
| Series statement | Words of wisdom; |
| 942 ## - ADDED ENTRY ELEMENTS (KOHA) | |
| Source of classification or shelving scheme | |
| Koha item type | Khmer NON FIC Books |
| Withdrawn status | Lost status | Source of classification or shelving scheme | Damaged status | Not for loan | Collection code | Home library | Current library | Shelving location | Date acquired | Total Checkouts | Full call number | Barcode | Date last seen | Date checked out | Price effective from | Koha item type |
|---|---|---|---|---|---|---|---|---|---|---|---|---|---|---|---|---|
| Siem Riep | Asian Hope Secondary Library | Asian Hope Secondary Library | 12/08/2025 | 2 | KHMER 220.9505 JES | 208582 | 04/23/2026 | 04/02/2026 | 12/08/2025 | Khmer NON FIC Books |